000 00265nam a22001217a 4500
008 181122b xxu||||| |||| 00| 0 eng d
041 _aeng
080 _24th
_a618
100 _a10
101 _aGJIN
245 _aGreen's Gynecology
_cClarke,D.L
942 _2udc
_cBK
999 _c52351
_d52351